|
|
|
|
| LEADER |
00000nam0a2200000 4500 |
| 001 |
234267 |
| 005 |
20231101231315.0 |
| 010 |
|
|
|a 9785811414581
|
| 035 |
|
|
|a (RuTPU)RU\TPU\book\255389
|
| 090 |
|
|
|a 234267
|
| 100 |
|
|
|a 20130322d2013 m y0rusy50 ca
|
| 101 |
0 |
|
|a rus
|a eng
|
| 102 |
|
|
|a RU
|
| 105 |
|
|
|a a j 000zy
|
| 200 |
1 |
|
|a Английский язык для инженеров компьютерных сетей. Профессиональный курс
|e учебное пособие для вузов
|f Н. А. Беседина, В. Ю. Белоусов
|
| 205 |
|
|
|a 2-е изд., перераб.
|
| 210 |
|
|
|a Санкт-Петербург
|c Лань
|d 2013
|
| 215 |
|
|
|a 347 с.
|c ил.
|
| 225 |
1 |
|
|a Учебники для вузов. Специальная литература
|
| 330 |
|
|
|a Данное учебное пособие предназначено для изучения английского языка в области сетевых технологий. Книга содержит оригинальные тексты профессиональной направленности и задания, способствующие усвоению и запоминанию специальной лексики из области сетевых технологий; задания для развития навыков чтения, свертывания информации при составлении рефератов на английском языке, а также формирования иноязычной профессиональной коммуникативной компетенции в условиях профессионального общения. Пособие рассчитано на студентов, обучающихся по специальности «Сети связи и системы коммутации» и направлению подготовки бакалавриата «Инфокоммуникационные технологии и системы связи», а также всех тех, кто изучает структуру и функционирование локальных вычислительных сетей и глобальной сети Интернет и заинтересован в совершенствовании английского языка в указанной области. Пособие может быть использовано для организации самостоятельной работы студентов.
|
| 606 |
1 |
|
|a Английский язык
|x Учебные руководства и пособия
|x Учебные руководства и пособия для высшей школы
|2 stltpush
|3 (RuTPU)RU\TPU\subj\29071
|9 52483
|
| 610 |
1 |
|
|a лексика
|
| 610 |
1 |
|
|a грамматика
|
| 610 |
1 |
|
|a разговорная речь
|
| 610 |
1 |
|
|a профессиональный английский язык
|
| 610 |
1 |
|
|a информационные технологии
|
| 610 |
1 |
|
|a компьютерные сети
|
| 610 |
1 |
|
|a компьютерные системы
|
| 686 |
|
|
|a Ш143.21-923
|v LBC/SL-A
|2 rubbk
|
| 700 |
|
1 |
|a Беседина
|b Н. А.
|g Наталья Анатольевна
|
| 701 |
|
1 |
|a Белоусов
|b В. Ю.
|g Владимир Юрьевич
|
| 801 |
|
1 |
|a RU
|b 63413507
|c 20130322
|
| 801 |
|
2 |
|a RU
|b 63413507
|c 20130911
|g RCR
|
| 942 |
|
|
|c BK
|
| 959 |
|
|
|a 57/20130320
|d 1
|e 550,00
|f ЧЗИЛ:1
|